Scarlet butterfly / (Запис № 546013)

МАРК-запис
000 -LEADER
fixed length control field 01237cam a2200289Ia 4500
001 - CONTROL NUMBER
control field scarletbutterfly00chas
003 - CONTROL NUMBER IDENTIFIER
control field CaSfIA
005 - DATE AND TIME OF LATEST TRANSACTION
control field 20210119080500.0
007 - PHYSICAL DESCRIPTION FIXED FIELD--GENERAL INFORMATION
fixed length control field cr||||
008 - FIXED-LENGTH DATA ELEMENTS--GENERAL INFORMATION
fixed length control field 920919s1992 nyu 000 1 eng d
040 ## - CATALOGING SOURCE
Original cataloging agency JDP
Transcribing agency JDP
Modifying agency ZZC
-- SLC
-- BTCTA
-- CaSfIA
020 ## - INTERNATIONAL STANDARD BOOK NUMBER
International Standard Book Number 0553442694 (pbk.)
020 ## - INTERNATIONAL STANDARD BOOK NUMBER
International Standard Book Number 9780553442694 (pbk.)
035 ## - SYSTEM CONTROL NUMBER
System control number (OCoLC)26636665
090 ## - LOCALLY ASSIGNED LC-TYPE CALL NUMBER (OCLC); LOCAL CALL NUMBER (OCLC)
Classification number (OCLC) (R) ; Classification number, CALL (RLIN) (NR) PS3553.H3414
Local cutter number (OCLC) ; Book number/undivided call number, CALL (RLIN) S22 1992x
100 1# - MAIN ENTRY--PERSONAL NAME
Personal name Chastain, Sandra.
245 10 - TITLE STATEMENT
Title Scarlet butterfly /
Medium [electronic resource]
Statement of responsibility, etc Sandra Chastain.
260 ## - PUBLICATION, DISTRIBUTION, ETC. (IMPRINT)
Place of publication, distribution, etc New York :
Name of publisher, distributor, etc Bantam Books,
Date of publication, distribution, etc c1992.
300 ## - PHYSICAL DESCRIPTION
Extent 181 p. ;
Dimensions 18 cm.
490 0# - SERIES STATEMENT
Series statement Loveswept ;
Том/ позначення послідовності 571
506 ## - RESTRICTIONS ON ACCESS NOTE
Standardized terminology for access restriction Необхідна авторизація на https://archive.org/ (створення облікового запису безкоштовно)
506 ## - RESTRICTIONS ON ACCESS NOTE
Standardized terminology for access restriction Необхідна авторизація на https://openlibrary.org/ (створення облікового запису безкоштовно)
655 #7 - INDEX TERM--GENRE/FORM
Genre/form data or focus term Love stories.
Source of term gsafd
856 41 - ELECTRONIC LOCATION AND ACCESS
Uniform Resource Identifier <a href="http://www.archive.org/details/scarletbutterfly00chas">http://www.archive.org/details/scarletbutterfly00chas</a>
Public note Free eBook from the Internet Archive
856 42 - ELECTRONIC LOCATION AND ACCESS
Uniform Resource Identifier <a href="http://www.openlibrary.org/books/OL7827037M">http://www.openlibrary.org/books/OL7827037M</a>
Public note Additional information and access via Open Library
942 ## - ADDED ENTRY ELEMENTS (KOHA)
Koha item type ЕКнига

Немає доступних примірників.